LEADER 00877naa a2200217 u 4500 001 000000096482 003 CaOOAMICUS 005 20070226130146.0 008 041019s1993 it u000 u ita u 020 $a8802047375 035 $a11012219 040 $aIAR$bita 100 1 $aMoravia, Sergio,$d1940-$0(OLS)http://pul/name/27420 245 12$aL'illuminismo in Italia :$bUna finestra dull'Europa /$cSergio Moravia. 260 $aTorino :$bUTET,$c1993. 300 $aS. 205-224 ;$c29 cm 773 0 $aL'Italia e la formazione della civiltà europea : La cultura civile. 773 0 $tL'Italia e la formazione della civiltà europea. 1, La cultura civile$w()19288 996 $6020$a8802047375$9(OLS)http://pul/number/24663 996 $6245$aL'illuminismo in Italia :$bUna finestra dull'Europa$9(OLS)http://pul/title/123359 996 $6260$aTorino :$bUTET$9(OLS)http://pul/publisher/48088 LEADER 01104nam a2200253 u 4500 001 000000084646 003 CaOOAMICUS 005 20080208155228.0 008 050714s1946 ag u000 u spa u 035 $a11053263 040 $aPUL(R)$bita 110 2 $aPapi.$0(OLS)http://pul/name/5229 245 10$aColección de enciclicas y cartas pontificias /$cAccion Catolica Española. 250 $aSegunda edición argentina /$bautorizada por la Junta Técnica Nacional de la Acción Católica Española. 260 $aBuenos Aires :$bPoblet,$c1946. 300 $a1163 p. ;$c19 cm 504 $aBibliografia in nota. 650 4$aEncicliche.$0(OLS)http://pul/subject/969 710 2 $aAcción Católica Argentina.$bJunta Nacional.$0(OLS)http://pul/name/55749 850 $aPUL 852 $aPUL$W1$xDP1 Fondo Cecchetti$y53$m272 A 17$j107629$nBK-PRI$b $qFondi$B107629$CPULBib$Z2$F107629 $HPUL6453 $81 941 1 $a1 996 $6245$aColección de enciclicas y cartas pontificias$9(OLS)http://pul/title/110057 996 $6260$aBuenos Aires :$bPoblet$9(OLS)http://pul/publisher/60462